Skoki narciarskie - wszyscy zawodnicy z punktami PŚ 18/19 - Statystyki

Ogólne statystyki
  • Ten quiz został rozwiązany 418 razy
  • Średni wynik to 48 z 78
Statystyki odpowiedzi
Narodowość Zawodnik % Poprawnych
Austria Stefan Kraft
98%
Polska Kamil Stoch
95%
Polska Dawid Kubacki
94%
Polska Piotr Żyła
94%
Polska Maciej Kot
90%
Słowenia Domen Prevc
89%
Słowenia Peter Prevc
89%
Japonia Ryoyu Kobayashi
88%
Japonia Junshiro Kobayashi
87%
Czechy Roman Koudelka
83%
Niemcy Karl Geiger
82%
Polska Stefan Hula
82%
Szwajcaria Simon Ammann
81%
Finlandia Antti Aalto
79%
Polska Jakub Wolny
79%
Austria Michael Hayboeck
79%
Bułgaria Vladimir Zografski
79%
Norwegia Johann Andre Forfang
77%
Japonia Keiichi Sato
77%
Norwegia Robert Johansson
77%
Japonia Yukiya Sato
77%
Słowenia Anze Lanisek
76%
Estonia Artti Aigro
76%
Norwegia Daniel Andre Tande
76%
Niemcy Markus Eisenbichler
76%
Japonia Noriaki Kasai
76%
Rosja Evgeniy Klimov
75%
Szwajcaria Killian Peier
75%
Włochy Alex Insam
74%
Szwajcaria Gregor Deschwanden
74%
Stany Zjednoczone Kevin Bickner
74%
Słowenia Timi Zajc
74%
Norwegia Halvor Egner Granerud
73%
Kanada Mackenzie Boyd-Clowes
72%
Niemcy Andreas Wellinger
71%
Japonia Daiki Ito
69%
Austria Daniel Huber
68%
Austria Jan Hoerl
68%
Austria Manuel Fettner
68%
Niemcy Richard Freitag
67%
Polska Paweł Wąsek
64%
Norwegia Marius Lindvik
63%
Czechy Viktor Polasek
61%
Niemcy Severin Freund
60%
Niemcy Stephan Leyhe
60%
Niemcy Pius Paschke
59%
Austria Gregor Schlierenzauer
56%
Austria Philipp Aschenwald
56%
Niemcy Constantin Schmid
55%
Czechy Cestmir Kozisek
54%
Japonia Naoki Nakamura
53%
Słowenia Anze Semenic
52%
Japonia Taku Takeuchi
49%
Słowenia Ziga Jelar
48%
Austria Clemens Aigner
47%
Rosja Roman Sergeevich Trofimov
45%
Finlandia Jarkko Määttä
44%
Norwegia Anders Fannemel
43%
Norwegia Andreas Stjernen
42%
Słowenia Tilen Bartol
42%
Finlandia Eetu Nousiainen
41%
Słowenia Jernej Damjan
40%
Czechy Tomas Vancura
38%
Szwajcaria Andreas Schuler
37%
Słowenia Jurij Tepes
37%
Rosja Mikhail Nazarov
37%
Słowenia Bor Pavlovcic
35%
Norwegia Robin Pedersen
32%
Rosja Dimitry Vassiliev
31%
Norwegia Thomas Aasen Markeng
31%
Czechy Lukas Hlava
30%
Finlandia Andreas Alamommo
29%
Niemcy David Siegel
29%
Niemcy Martin Hamann
27%
Austria Markus Schiffner
24%
Niemcy Moritz Baer
22%
Słowenia Zak Mogel
21%
Austria Ulrich Wohlgenannt
16%
Nie znaleziono quizów pasujących do podanych kryteriów
Rozkład punktacji
Procent ludzi z każdym wynikiem
Percentyl według liczby udzielonych odpowiedzi
Twoja historia wyników
Nie rozwiązałeś tego quizu